Milwaukee Bucks: Most Dunks Each Year - Statistics

General Stats
  • This quiz has been taken 338 times
    83 since last reset
  • The average score is 12 of 23
Answer Stats
Year Player Dunks % Correct
2018-2019 Giannis Antetokounmpo 279
99%
2019-2020 Giannis Antetokounmpo 197
99%
2020-2021 Giannis Antetokounmpo 178
99%
2021-2022 Giannis Antetokounmpo 179
99%
2022-2023 Giannis Antetokounmpo 198
99%
2023-2024 Giannis Antetokounmpo 251
99%
2014-2015 Giannis Antetokounmpo 95
89%
2015-2016 Giannis Antetokounmpo 141
89%
2016-2017 Giannis Antetokounmpo 194
89%
2017-2018 Giannis Antetokounmpo 161
89%
2007-2008 Andrew Bogut 102
38%
2009-2010 Andrew Bogut 61
38%
2010-2011 Andrew Bogut 63
38%
2013-2014 John Henson 65
20%
2011-2012 Larry Sanders 26
17%
2012-2013 Larry Sanders 114
17%
2003-2004 Dan Gadzuric 72
10%
2004-2005 Dan Gadzuric 105
10%
2005-2006 Dan Gadzuric 90
10%
2002-2003 Tim Thomas 42
8%
2008-2009 Richard Jefferson 51
6%
2001-2002 Darvin Ham 54
1%
2006-2007 Ruben Patterson 64
0%
No matching quizzes found
Score Distribution
Percent of People with Each Score
Percentile by Number Answered
Your Score History
You have not taken this quiz since the last reset